European dimension in integrated science education : training material for students /

Main Author: Lamanauskas, Vincentas, 1967-
Corporate Author: Improving Quality of Science Teacher Training in European Cooperation - Constructivist Approach (projekt)
Other Authors: Vilkonienė, Margarita, Univerzita Palackého. Přírodovědecká fakulta, Program Socrates
Language: English
Published: Olomouc : Palacký University, 2008
Edition: 1st ed.
Subjects:
Online Access: Digitalizovaný dokument
Physical Description: 111 s. : il. ; 21 cm
Book
Saved in:
LEADER 02959nam a2200673 a 4500
001 nkc20091852176
003 CZ PrNK
005 20090326152424.0
007 ta
008 090121s2008 xr a e p 000 0 eng
015 |a cnb001852176 
020 |a 978-80-244-2163-6  |q (brož.) :  |c neprodejné 
035 |a (OCoLC)316683571 
040 |a OLA001  |b cze  |d ABA001 
043 |a e------ 
072 7 |a 37  |x Výchova a vzdělávání  |2 Konspekt  |9 22 
072 7 |a 37.016  |x Učební osnovy. Vyučovací předměty. Učebnice  |2 Konspekt  |9 22 
080 |a 37.091.31-044.247  |2 MRF 
080 |a 5:37.016  |2 MRF 
080 |a 373.3  |2 MRF 
080 |a 373.5/.6+377.1/.3  |2 MRF 
080 |a 37.013  |2 MRF 
080 |a (4)  |2 MRF 
080 |a (075.8)  |2 MRF 
080 |a (076.5)  |2 MRF 
100 1 |a Lamanauskas, Vincentas,  |d 1967-  |7 mzk2009492216  |4 aut 
245 1 0 |a European dimension in integrated science education :  |b training material for students /  |c [Vincentas Lamanauskas, Margarita Vilkonienė] 
250 |a 1st ed. 
260 |a Olomouc :  |b Palacký University,  |c 2008 
300 |a 111 s. :  |b il. ;  |c 21 cm 
500 |a Nad názvem: Palacký University, Olomouc, Faculty of Science, Socrates - Comenius 2-1-2006-1 Improving quality of science teacher training in European cooperation - constructivist approach (IQST) 
500 |a Na obálce: Socrates - education and culture 
504 |a Obsahuje bibliografie a bibliografické odkazy 
650 0 7 |a integrovaná výuka  |7 ph121130  |z Evropa  |2 czenas 
650 0 7 |a přírodovědné předměty  |7 ph124942  |z Evropa  |2 czenas 
650 0 7 |a základní školy  |7 ph116795  |z Evropa  |2 czenas 
650 0 7 |a střední školy  |7 ph116320  |z Evropa  |2 czenas 
650 0 7 |a konstruktivistická pedagogika  |7 ph114972  |z Evropa  |2 czenas 
650 0 9 |a integrated teaching  |z Europe  |2 eczenas 
650 0 9 |a natural history school subjects  |z Europe  |2 eczenas 
650 0 9 |a elementary schools  |z Europe  |2 eczenas 
650 0 9 |a secondary schools  |z Europe  |2 eczenas 
650 0 9 |a constructivist education  |z Europe  |2 eczenas 
655 7 |a učebnice vysokých škol  |7 fd133772  |2 czenas 
655 7 |a praktická cvičení  |7 fd133118  |2 czenas 
655 9 |a textbooks (higher)  |2 eczenas 
655 9 |a problems, exercises, etc  |2 eczenas 
700 1 |a Vilkonienė, Margarita  |7 mzk2009492217  |4 aut 
710 2 |a Improving Quality of Science Teacher Training in European Cooperation - Constructivist Approach (projekt)  |7 mzk2008412708 
710 2 |a Univerzita Palackého.  |b Přírodovědecká fakulta  |7 kn20010709377 
710 2 |a Program Socrates  |7 ko2004244784 
740 0 2 |a IQST 
856 4 1 |u http://www.digitalniknihovna.cz/mzk/uuid/uuid:f88eea20-b8d4-11e3-b833-005056827e52  |y Digitalizovaný dokument  |x NDK 
910 2 |a BOA001  |b 2-1219.040 
928 9 |a Univerzita Palackého 
990 |a BK 
995 |a 01 
991 |b 200903  |c NOV 
996 6 |b 2610367263  |c 2-1219.040  |l MZK  |r Sklad / do 1 hodiny  |n 0  |p p.v.  |w 000928563  |u 000010  |a 1  |e BOA001  |j MZK50  |s P